[Event "Deutsche Ländermeisterschaft 2023"]
[Site "Hannover GER"]
[Date "2023.10.02"]
[Round "3"]
[White "Großmann, Piet"]
[Black "Bock, Marlon"]
[Result "1/2-1/2"]
[Termination "normal"]
[Board "6.3"]
[WhiteElo "1904"]
[BlackElo "1984"]
[WhiteClock "00:15:50"]
[BlackClock "00:22:53"]
[WhiteTeam "Mecklenburg-Vorpommern"]
[BlackTeam "Thüringen"]
[PlyCount "52"]
[WhiteFideId "16234359"]
[BlackFideId "16244931"]
[EventCountry "GER"]
[EventRounds "7"]
[EventType "team-swiss"]
[EventDate "2023.09.30"]

1. e4 {[%clk 01:30:57]} {[%emt 00:00:02]} c5 {[%clk 01:30:56]} {[%emt
00:00:04]} 2. Nf3 {[%clk 01:31:23]} {[%emt 00:00:05]} Nc6 {[%clk 01:31:22]}
{[%emt 00:00:04]} 3. Nc3 {[%clk 01:31:47]} {[%emt 00:00:05]} e5 {[%clk
01:30:55]} {[%emt 00:00:57]} 4. Bc4 {[%clk 01:31:57]} {[%emt 00:00:20]} d6
{[%clk 01:30:45]} {[%emt 00:00:40]} 5. d3 {[%clk 01:32:17]} {[%emt 00:00:11]}
Be7 {[%clk 01:30:40]} {[%emt 00:00:35]} 6. Nd2 {[%clk 01:32:18]} {[%emt
00:00:29]} Nf6 {[%clk 01:30:19]} {[%emt 00:00:52]} 7. Nf1 {[%clk 01:32:22]}
{[%emt 00:00:25]} O-O {[%clk 01:29:04]} {[%emt 00:01:45]} 8. Ne3 {[%clk
01:32:37]} {[%emt 00:00:15]} Nd4 {[%clk 01:27:51]} {[%emt 00:01:44]} 9. O-O
{[%clk 01:29:18]} {[%emt 00:03:48]} Be6 {[%clk 01:22:20]} {[%emt 00:06:01]} 10.
a4 {[%clk 01:24:32]} {[%emt 00:05:17]} Rb8 {[%clk 01:19:13]} {[%emt 00:03:37]}
11. Bd2 {[%clk 01:10:37]} {[%emt 00:14:24]} h6 {[%clk 01:08:58]} {[%emt
00:10:45]} 12. b3 {[%clk 00:57:57]} {[%emt 00:13:08]} Qc8 {[%clk 01:05:35]}
{[%emt 00:03:54]} 13. Ncd5 {[%clk 00:53:59]} {[%emt 00:04:28]} Bd8 {[%clk
00:57:00]} {[%emt 00:09:05]} 14. c3 {[%clk 00:47:59]} {[%emt 00:06:31]} Nc6
{[%clk 00:56:53]} {[%emt 00:00:37]} 15. f4 {[%clk 00:46:14]} {[%emt 00:02:14]}
a6 {[%clk 00:45:41]} {[%emt 00:11:43]} 16. f5 {[%clk 00:40:00]} {[%emt
00:06:44]} Bxd5 {[%clk 00:40:00]} {[%emt 00:06:12]} 17. Bxd5 {[%clk 00:34:55]}
{[%emt 00:05:34]} Ne7 {[%clk 00:37:18]} {[%emt 00:03:12]} 18. c4 {[%clk
00:30:05]} {[%emt 00:05:21]} Nexd5 {[%clk 00:33:15]} {[%emt 00:04:33]} 19. Nxd5
{[%clk 00:29:12]} {[%emt 00:01:21]} b5 {[%clk 00:31:13]} {[%emt 00:02:33]} 20.
Nxf6+ {[%clk 00:28:25]} {[%emt 00:01:18]} Bxf6 {[%clk 00:29:55]} {[%emt
00:01:48]} 21. axb5 {[%clk 00:27:59]} {[%emt 00:00:56]} axb5 {[%clk 00:30:16]}
{[%emt 00:00:09]} 22. Qg4 {[%clk 00:27:09]} {[%emt 00:01:20]} Kh7 {[%clk
00:29:07]} {[%emt 00:01:39]} 23. Rf3 {[%clk 00:26:20]} {[%emt 00:01:18]} Ra8
{[%clk 00:26:33]} {[%emt 00:03:04]} 24. Rd1 {[%clk 00:24:46]} {[%emt 00:02:04]}
Ra2 {[%clk 00:24:03]} {[%emt 00:03:00]} 25. Rh3 {[%clk 00:23:20]} {[%emt
00:01:57]} Rh8 {[%clk 00:23:33]} {[%emt 00:00:59]} 26. Qh5 {[%clk 00:15:50]}
{[%emt 00:08:00]} Kg8 {[%clk 00:22:53]} {[%emt 00:01:10]} 1/2-1/2

[Event "Deutsche Ländermeisterschaft 2023"]
[Site "Hannover GER"]
[Date "2023.10.02"]
[Round "3"]
[White "Aniol, Nico"]
[Black "Schulz, Bruno Andreas"]
[Result "1-0"]
[Termination "normal"]
[Board "6.4"]
[WhiteElo "1748"]
[BlackElo "1737"]
[WhiteClock "00:31:25"]
[BlackClock "00:58:14"]
[WhiteTeam "Thüringen"]
[BlackTeam "Mecklenburg-Vorpommern"]
[PlyCount "77"]
[WhiteFideId "16287096"]
[BlackFideId "34618473"]
[EventCountry "GER"]
[EventRounds "7"]
[EventType "team-swiss"]
[EventDate "2023.09.30"]

1. Nf3 {[%clk 01:30:59]} c5 {[%clk 01:30:34]} {[%emt 00:00:27]} 2. g3 {[%clk
01:31:23]} {[%emt 00:00:06]} Nc6 {[%clk 01:30:53]} {[%emt 00:00:11]} 3. Bg2
{[%clk 01:31:48]} {[%emt 00:00:05]} g6 {[%clk 01:31:21]} {[%emt 00:00:03]} 4.
O-O {[%clk 01:32:03]} {[%emt 00:00:15]} Bg7 {[%clk 01:31:48]} {[%emt 00:00:03]}
5. d3 {[%clk 01:32:10]} {[%emt 00:00:23]} e6 {[%clk 01:32:08]} {[%emt
00:00:10]} 6. e4 {[%clk 01:31:52]} {[%emt 00:00:48]} Nge7 {[%clk 01:32:30]}
{[%emt 00:00:08]} 7. Nc3 {[%clk 01:30:08]} {[%emt 00:02:13]} O-O {[%clk
01:32:48]} {[%emt 00:00:12]} 8. Be3 {[%clk 01:28:09]} {[%emt 00:02:30]} Nd4
{[%clk 01:32:20]} {[%emt 00:00:58]} 9. Qd2 {[%clk 01:23:07]} {[%emt 00:05:32]}
Nec6 {[%clk 01:28:52]} {[%emt 00:03:58]} 10. Nd1 {[%clk 01:18:45]} {[%emt
00:04:53]} Nxf3+ {[%clk 01:19:29]} {[%emt 00:09:52]} 11. Bxf3 {[%clk 01:19:05]}
{[%emt 00:00:10]} Ne5 {[%clk 01:19:47]} {[%emt 00:00:13]} 12. Bg2 {[%clk
01:19:17]} {[%emt 00:00:17]} b6 {[%clk 01:19:26]} {[%emt 00:00:51]} 13. Bh6
{[%clk 01:14:01]} {[%emt 00:05:46]} d5 {[%clk 01:17:48]} {[%emt 00:02:09]} 14.
Bxg7 {[%clk 01:14:21]} {[%emt 00:00:10]} Kxg7 {[%clk 01:18:13]} {[%emt
00:00:05]} 15. exd5 {[%clk 01:11:30]} {[%emt 00:03:21]} exd5 {[%clk 01:18:12]}
{[%emt 00:00:30]} 16. Ne3 {[%clk 01:09:07]} {[%emt 00:02:53]} Be6 {[%clk
01:17:30]} {[%emt 00:01:12]} 17. d4 {[%clk 01:07:09]} {[%emt 00:02:28]} cxd4
{[%clk 01:15:29]} {[%emt 00:02:31]} 18. Qxd4 {[%clk 01:07:32]} {[%emt
00:00:07]} Qf6 {[%clk 01:15:53]} {[%emt 00:00:07]} 19. Rad1 {[%clk 01:06:19]}
{[%emt 00:01:43]} Rad8 {[%clk 01:13:14]} {[%emt 00:03:09]} 20. b3 {[%clk
00:57:08]} {[%emt 00:09:41]} Rfe8 {[%clk 01:11:51]} {[%emt 00:01:53]} 21. f4
{[%clk 00:52:40]} {[%emt 00:04:58]} Nd7 {[%clk 01:09:19]} {[%emt 00:03:02]} 22.
Nxd5 {[%clk 00:37:53]} {[%emt 00:15:17]} Bxd5 {[%clk 01:06:24]} {[%emt
00:03:26]} 23. Bxd5 {[%clk 00:37:20]} {[%emt 00:01:03]} Re2 {[%clk 01:03:25]}
{[%emt 00:03:29]} 24. Bc6 {[%clk 00:36:02]} {[%emt 00:01:48]} Ne5 {[%clk
01:00:48]} {[%emt 00:03:07]} 25. Qxd8 {[%clk 00:34:40]} {[%emt 00:01:53]} Qxc6
{[%clk 01:01:12]} {[%emt 00:00:06]} 26. Qd5 {[%clk 00:34:47]} {[%emt 00:00:23]}
Qxc2 {[%clk 01:01:01]} {[%emt 00:00:40]} 27. fxe5 {[%clk 00:35:02]} {[%emt
00:00:15]} Rxh2 {[%clk 01:00:37]} {[%emt 00:00:54]} 28. Qxf7+ {[%clk 00:35:15]}
{[%emt 00:00:17]} Kh6 {[%clk 01:00:59]} {[%emt 00:00:08]} 29. Qf8+ {[%clk
00:33:17]} {[%emt 00:02:27]} Kh5 {[%clk 01:01:00]} {[%emt 00:00:29]} 30. Qf3+
{[%clk 00:30:49]} {[%emt 00:02:58]} Kh6 {[%clk 01:00:48]} {[%emt 00:00:41]} 31.
Rde1 {[%clk 00:30:28]} {[%emt 00:00:51]} Rd2 {[%clk 00:59:37]} {[%emt
00:01:41]} 32. Rf2 {[%clk 00:30:12]} {[%emt 00:00:46]} g5 {[%clk 00:57:58]}
{[%emt 00:02:09]} 33. Rxd2 {[%clk 00:29:57]} {[%emt 00:00:45]} Qxd2 {[%clk
00:58:20]} {[%emt 00:00:09]} 34. Re2 {[%clk 00:30:13]} {[%emt 00:00:14]} Qd1+
{[%clk 00:58:11]} {[%emt 00:00:38]} 35. Kg2 {[%clk 00:30:37]} {[%emt 00:00:05]}
b5 {[%clk 00:57:52]} {[%emt 00:00:49]} 36. e6 {[%clk 00:30:38]} {[%emt
00:00:29]} a5 {[%clk 00:58:03]} {[%emt 00:00:20]} 37. e7 {[%clk 00:31:02]}
{[%emt 00:00:06]} g4 {[%clk 00:58:05]} {[%emt 00:00:28]} 38. Re6+ {[%clk
00:31:25]} {[%emt 00:00:07]} Kg7 {[%clk 00:58:14]} {[%emt 00:00:21]} 39. Qf8#
{[%emt 00:00:06]} 1-0

[Event "Deutsche Ländermeisterschaft 2023"]
[Site "Hannover GER"]
[Date "2023.10.02"]
[Round "3"]
[White "Köpnick, Amanda"]
[Black "Reuter, Elisa"]
[Result "0-1"]
[Termination "normal"]
[Board "6.5"]
[BlackTitle "WCM"]
[WhiteElo "1333"]
[BlackElo "1869"]
[WhiteClock "00:03:28"]
[BlackClock "00:29:09"]
[WhiteTeam "Mecklenburg-Vorpommern"]
[BlackTeam "Thüringen"]
[PlyCount "74"]
[WhiteFideId "34618538"]
[BlackFideId "12995444"]
[EventCountry "GER"]
[EventRounds "7"]
[EventType "team-swiss"]
[EventDate "2023.09.30"]

1. e4 {[%clk 01:30:57]} {[%emt 00:00:03]} c5 {[%clk 01:30:57]} {[%emt
00:00:03]} 2. Nf3 {[%clk 01:31:21]} {[%emt 00:00:05]} Nc6 {[%clk 01:31:24]}
{[%emt 00:00:03]} 3. d4 {[%clk 01:31:33]} {[%emt 00:00:17]} cxd4 {[%clk
01:31:50]} {[%emt 00:00:05]} 4. Nxd4 {[%clk 01:31:55]} {[%emt 00:00:09]} Nf6
{[%clk 01:32:16]} {[%emt 00:00:04]} 5. Nc3 {[%clk 01:32:06]} {[%emt 00:00:19]}
e5 {[%clk 01:32:38]} {[%emt 00:00:07]} 6. Ndb5 {[%clk 01:32:06]} {[%emt
00:00:30]} d6 {[%clk 01:33:03]} {[%emt 00:00:06]} 7. Nd5 {[%clk 01:32:09]}
{[%emt 00:00:26]} Nxd5 {[%clk 01:33:25]} {[%emt 00:00:08]} 8. exd5 {[%clk
01:32:32]} {[%emt 00:00:07]} Nb8 {[%clk 01:33:50]} {[%emt 00:00:04]} 9. a4
{[%clk 01:32:12]} {[%emt 00:00:50]} Be7 {[%clk 01:33:40]} {[%emt 00:00:40]} 10.
Be3 {[%clk 01:28:16]} {[%emt 00:04:27]} O-O {[%clk 01:31:16]} {[%emt 00:02:53]}
11. Be2 {[%clk 01:27:01]} {[%emt 00:01:45]} a6 {[%clk 01:30:49]} {[%emt
00:00:57]} 12. Nc3 {[%clk 01:25:28]} {[%emt 00:02:04]} Nd7 {[%clk 01:30:11]}
{[%emt 00:01:09]} 13. O-O {[%clk 01:23:57]} {[%emt 00:02:01]} f5 {[%clk
01:28:50]} {[%emt 00:01:50]} 14. f4 {[%clk 01:23:04]} {[%emt 00:01:23]} e4
{[%clk 01:28:31]} {[%emt 00:00:50]} 15. a5 {[%clk 01:20:55]} {[%emt 00:02:39]}
Nf6 {[%clk 01:16:21]} {[%emt 00:12:39]} 16. Na4 {[%clk 01:13:29]} {[%emt
00:07:56]} Bd7 {[%clk 01:09:42]} {[%emt 00:07:10]} 17. Nb6 {[%clk 01:12:50]}
{[%emt 00:01:09]} Rb8 {[%clk 01:10:03]} {[%emt 00:00:08]} 18. Ra3 {[%clk
01:06:01]} {[%emt 00:07:19]} Ne8 {[%clk 01:03:40]} {[%emt 00:06:53]} 19. b4
{[%clk 00:59:18]} {[%emt 00:07:14]} Nc7 {[%clk 01:01:24]} {[%emt 00:02:45]} 20.
c4 {[%clk 00:58:30]} {[%emt 00:01:18]} Bf6 {[%clk 00:59:27]} {[%emt 00:02:28]}
21. c5 {[%clk 00:51:10]} {[%emt 00:07:49]} Nb5 {[%clk 00:57:19]} {[%emt
00:02:37]} 22. Nxd7 {[%clk 00:46:23]} {[%emt 00:05:17]} Qxd7 {[%clk 00:54:26]}
{[%emt 00:03:23]} 23. Bxb5 {[%clk 00:43:22]} {[%emt 00:03:31]} Qxb5 {[%clk
00:54:37]} {[%emt 00:00:19]} 24. Rb3 {[%clk 00:42:47]} {[%emt 00:01:05]} Rfd8
{[%clk 00:54:00]} {[%emt 00:01:06]} 25. Rf2 {[%clk 00:39:25]} {[%emt 00:03:53]}
Rd7 {[%clk 00:52:01]} {[%emt 00:02:28]} 26. Rd2 {[%clk 00:34:00]} {[%emt
00:05:55]} Rc8 {[%clk 00:49:21]} {[%emt 00:03:10]} 27. h3 {[%clk 00:29:46]}
{[%emt 00:04:45]} Be7 {[%clk 00:45:34]} {[%emt 00:04:16]} 28. g4 {[%clk
00:21:55]} {[%emt 00:08:21]} Qa4 {[%clk 00:41:14]} {[%emt 00:04:49]} 29. gxf5
{[%clk 00:19:07]} {[%emt 00:03:18]} dxc5 {[%clk 00:40:03]} {[%emt 00:01:41]}
30. bxc5 {[%clk 00:14:36]} {[%emt 00:05:01]} Bxc5 {[%clk 00:39:46]} {[%emt
00:00:47]} 31. Bxc5 {[%clk 00:14:16]} {[%emt 00:00:50]} Rxc5 {[%clk 00:40:10]}
{[%emt 00:00:06]} 32. Qb1 {[%clk 00:09:51]} {[%emt 00:04:54]} Rcxd5 {[%clk
00:39:29]} {[%emt 00:01:12]} 33. Rxd5 {[%clk 00:09:18]} {[%emt 00:01:03]} Rxd5
{[%clk 00:39:54]} {[%emt 00:00:04]} 34. Kh2 {[%clk 00:07:11]} {[%emt 00:02:37]}
Rd2+ {[%clk 00:35:51]} {[%emt 00:04:33]} 35. Kg3 {[%clk 00:06:58]} {[%emt
00:00:43]} Qd4 {[%clk 00:35:50]} {[%emt 00:00:31]} 36. Qf1 {[%clk 00:04:55]}
{[%emt 00:02:33]} e3 {[%clk 00:29:00]} {[%emt 00:07:21]} 37. Kg4 {[%clk
00:03:28]} {[%emt 00:01:57]} Rf2 {[%clk 00:29:09]} {[%emt 00:00:21]} 0-1

[Event "Deutsche Ländermeisterschaft 2023"]
[Site "Hannover GER"]
[Date "2023.10.02"]
[Round "3"]
[White "Junge, Mattheo Gabriel"]
[Black "Chandrasekher, Ritu"]
[Result "1-0"]
[Termination "normal"]
[Board "6.6"]
[WhiteElo "1604"]
[BlackElo "1344"]
[WhiteClock "01:07:35"]
[BlackClock "00:38:19"]
[WhiteTeam "Thüringen"]
[BlackTeam "Mecklenburg-Vorpommern"]
[PlyCount "103"]
[WhiteFideId "34605908"]
[BlackFideId "34609024"]
[EventCountry "GER"]
[EventRounds "7"]
[EventType "team-swiss"]
[EventDate "2023.09.30"]

1. e4 {[%clk 01:30:55]} {[%emt 00:00:04]} c6 {[%clk 01:30:47]} {[%emt
00:00:14]} 2. Nc3 {[%clk 01:31:10]} {[%emt 00:00:14]} d5 {[%clk 01:31:00]}
{[%emt 00:00:17]} 3. Nf3 {[%clk 01:31:32]} {[%emt 00:00:08]} dxe4 {[%clk
01:31:10]} {[%emt 00:00:20]} 4. Nxe4 {[%clk 01:31:55]} {[%emt 00:00:07]} Nf6
{[%clk 01:31:17]} {[%emt 00:00:23]} 5. Qe2 {[%clk 01:31:59]} {[%emt 00:00:27]}
Nxe4 {[%clk 01:30:59]} {[%emt 00:00:48]} 6. Qxe4 {[%clk 01:32:22]} {[%emt
00:00:06]} Qa5 {[%clk 01:30:54]} {[%emt 00:00:35]} 7. Bd3 {[%clk 01:32:10]}
{[%emt 00:00:42]} Nd7 {[%clk 01:29:33]} {[%emt 00:01:52]} 8. b4 {[%clk
01:32:09]} {[%emt 00:00:31]} Qb6 {[%clk 01:28:30]} {[%emt 00:01:33]} 9. Bb2
{[%clk 01:31:16]} {[%emt 00:01:21]} Nc5 {[%clk 01:22:00]} {[%emt 00:07:01]} 10.
bxc5 {[%clk 01:31:23]} {[%emt 00:00:23]} Qxb2 {[%clk 01:22:05]} {[%emt
00:00:25]} 11. O-O {[%clk 01:31:47]} {[%emt 00:00:06]} g6 {[%clk 01:20:05]}
{[%emt 00:02:29]} 12. Nd4 {[%clk 01:29:38]} {[%emt 00:02:38]} Bg7 {[%clk
01:16:43]} {[%emt 00:03:52]} 13. Nxc6 {[%clk 01:28:53]} {[%emt 00:01:15]} e6
{[%clk 01:14:02]} {[%emt 00:03:10]} 14. Rab1 {[%clk 01:27:35]} {[%emt
00:01:48]} Qa3 {[%clk 01:12:16]} {[%emt 00:02:17]} 15. Nb4 {[%clk 01:20:55]}
{[%emt 00:07:09]} O-O {[%clk 01:06:55]} {[%emt 00:05:51]} 16. c6 {[%clk
01:13:21]} {[%emt 00:08:05]} bxc6 {[%clk 01:00:45]} {[%emt 00:06:40]} 17. Rb3
{[%clk 01:08:10]} {[%emt 00:05:38]} Qa4 {[%clk 00:57:15]} {[%emt 00:04:01]} 18.
Nxc6 {[%clk 01:08:02]} {[%emt 00:00:39]} Qxe4 {[%clk 00:56:28]} {[%emt
00:01:17]} 19. Bxe4 {[%clk 01:08:24]} {[%emt 00:00:08]} Ba6 {[%clk 00:53:00]}
{[%emt 00:03:58]} 20. d3 {[%clk 01:07:03]} {[%emt 00:01:50]} Rac8 {[%clk
00:51:49]} {[%emt 00:01:41]} 21. Ne7+ {[%clk 01:06:31]} {[%emt 00:01:02]} Kh8
{[%clk 00:52:02]} {[%emt 00:00:17]} 22. Nxc8 {[%clk 01:06:53]} {[%emt
00:00:09]} Rxc8 {[%clk 00:52:06]} {[%emt 00:00:26]} 23. Bb7 {[%clk 01:07:07]}
{[%emt 00:00:17]} Bxb7 {[%clk 00:51:59]} {[%emt 00:00:37]} 24. Rxb7 {[%clk
01:07:29]} {[%emt 00:00:07]} Kg8 {[%clk 00:50:41]} {[%emt 00:01:47]} 25. c4
{[%clk 01:07:31]} {[%emt 00:00:30]} Rd8 {[%clk 00:49:19]} {[%emt 00:01:51]} 26.
Rd1 {[%clk 01:07:35]} {[%emt 00:00:26]} Bd4 {[%clk 00:48:05]} {[%emt 00:01:44]}
27. Kf1 {[%clk 01:07:48]} {[%emt 00:00:18]} Rd6 {[%clk 00:47:29]} {[%emt
00:01:06]} 28. Ke2 {[%clk 01:07:28]} {[%emt 00:00:50]} Ra6 {[%clk 00:47:39]}
{[%emt 00:00:21]} 29. Rd2 {[%clk 01:07:51]} {[%emt 00:00:07]} e5 {[%clk
00:47:06]} {[%emt 00:01:03]} 30. Rc7 {[%clk 01:05:39]} {[%emt 00:02:41]} Ra5
{[%clk 00:46:20]} {[%emt 00:01:16]} 31. Rc2 {[%clk 01:05:57]} {[%emt 00:00:12]}
Bc5 {[%clk 00:44:27]} {[%emt 00:02:23]} 32. Rd7 {[%clk 01:05:39]} {[%emt
00:00:48]} Bd4 {[%clk 00:43:31]} {[%emt 00:01:25]} 33. f4 {[%clk 01:03:16]}
{[%emt 00:02:53]} f6 {[%clk 00:41:21]} {[%emt 00:02:40]} 34. Rc7 {[%clk
01:02:50]} {[%emt 00:00:56]} Bc5 {[%clk 00:38:48]} {[%emt 00:03:03]} 35. fxe5
{[%clk 01:02:23]} {[%emt 00:00:58]} fxe5 {[%clk 00:38:55]} {[%emt 00:00:23]}
36. Kf3 {[%clk 01:02:43]} {[%emt 00:00:10]} Bb6 {[%clk 00:38:07]} {[%emt
00:01:18]} 37. Rc8+ {[%clk 01:03:03]} {[%emt 00:00:10]} Kf7 {[%clk 00:38:29]}
{[%emt 00:00:08]} 38. c5 {[%clk 01:03:16]} {[%emt 00:00:17]} Bxc5 {[%clk
00:37:31]} {[%emt 00:01:28]} 39. R8xc5 {[%clk 01:03:40]} {[%emt 00:00:06]} Ra6
{[%clk 00:37:54]} {[%emt 00:00:07]} 40. Rc7+ {[%clk 01:03:44]} {[%emt
00:00:26]} Kg8 {[%clk 00:38:03]} {[%emt 00:00:21]} 41. Rb7 {[%clk 01:04:07]}
{[%emt 00:00:07]} Rf6+ {[%clk 00:37:55]} {[%emt 00:00:39]} 42. Ke3 {[%clk
01:04:31]} {[%emt 00:00:05]} Rf8 {[%clk 00:38:14]} {[%emt 00:00:10]} 43. Rcc7
{[%clk 01:04:54]} {[%emt 00:00:07]} Rd8 {[%clk 00:38:10]} {[%emt 00:00:35]} 44.
Ke4 {[%clk 01:05:02]} {[%emt 00:00:24]} Re8 {[%clk 00:37:58]} {[%emt 00:00:41]}
45. Rg7+ {[%clk 01:05:26]} {[%emt 00:00:06]} Kh8 {[%clk 00:38:17]} {[%emt
00:00:11]} 46. Rxh7+ {[%clk 01:05:52]} {[%emt 00:00:05]} Kg8 {[%clk 00:38:40]}
{[%emt 00:00:06]} 47. Rbg7+ {[%clk 01:06:09]} {[%emt 00:00:13]} Kf8 {[%clk
00:38:59]} {[%emt 00:00:10]} 48. Rxg6 {[%clk 01:06:34]} {[%emt 00:00:05]} a5
{[%clk 00:38:15]} {[%emt 00:01:14]} 49. Kf5 {[%clk 01:06:48]} {[%emt 00:00:16]}
Re7 {[%clk 00:38:08]} {[%emt 00:00:36]} 50. Rh8+ {[%clk 01:07:10]} {[%emt
00:00:08]} Kf7 {[%clk 00:38:28]} {[%emt 00:00:11]} 51. Rgh6 {[%clk 01:07:35]}
{[%emt 00:00:05]} Kg7 {[%clk 00:38:19]} {[%emt 00:00:39]} 52. R6h7# {[%emt
00:00:05]} 1-0

[Event "Deutsche Ländermeisterschaft 2023"]
[Site "Hannover GER"]
[Date "2023.10.02"]
[Round "3"]
[White "Schröder, Hannes Artur"]
[Black "Loos, Tilda"]
[Result "1/2-1/2"]
[Termination "normal"]
[Board "6.7"]
[WhiteElo "1261"]
[BlackElo "1423"]
[WhiteClock "00:28:40"]
[BlackClock "00:11:11"]
[WhiteTeam "Mecklenburg-Vorpommern"]
[BlackTeam "Thüringen"]
[PlyCount "90"]
[WhiteFideId "34608818"]
[BlackFideId "34620559"]
[EventCountry "GER"]
[EventRounds "7"]
[EventType "team-swiss"]
[EventDate "2023.09.30"]

1. e4 {[%clk 01:30:59]} c5 {[%clk 01:30:54]} {[%emt 00:00:07]} 2. Nf3 {[%clk
01:31:22]} {[%emt 00:00:07]} e6 {[%clk 01:31:14]} {[%emt 00:00:10]} 3. d4
{[%clk 01:31:34]} {[%emt 00:00:18]} cxd4 {[%clk 01:31:34]} {[%emt 00:00:09]} 4.
Nxd4 {[%clk 01:31:55]} {[%emt 00:00:10]} a6 {[%clk 01:31:57]} {[%emt 00:00:07]}
5. Be2 {[%clk 01:31:18]} {[%emt 00:01:07]} b5 {[%clk 01:31:52]} {[%emt
00:00:34]} 6. c4 {[%clk 01:31:27]} {[%emt 00:00:21]} bxc4 {[%clk 01:30:06]}
{[%emt 00:02:16]} 7. O-O {[%clk 01:31:34]} {[%emt 00:00:23]} Qc7 {[%clk
01:27:52]} {[%emt 00:02:44]} 8. Nd2 {[%clk 01:30:15]} {[%emt 00:01:49]} Bb7
{[%clk 01:27:02]} {[%emt 00:01:20]} 9. Qc2 {[%clk 01:28:25]} {[%emt 00:02:19]}
Nf6 {[%clk 01:24:27]} {[%emt 00:03:06]} 10. Bxc4 {[%clk 01:25:36]} {[%emt
00:03:19]} Nc6 {[%clk 01:14:44]} {[%emt 00:10:14]} 11. Nxc6 {[%clk 01:20:37]}
{[%emt 00:05:29]} Qxc6 {[%clk 01:11:23]} {[%emt 00:03:51]} 12. f3 {[%clk
01:17:18]} {[%emt 00:03:49]} Be7 {[%clk 01:08:21]} {[%emt 00:03:33]} 13. b3
{[%clk 01:15:48]} {[%emt 00:02:00]} O-O {[%clk 01:04:10]} {[%emt 00:04:40]} 14.
Bb2 {[%clk 01:13:13]} {[%emt 00:03:05]} d5 {[%clk 01:00:08]} {[%emt 00:04:32]}
15. exd5 {[%clk 01:07:03]} {[%emt 00:06:41]} Nxd5 {[%clk 00:58:59]} {[%emt
00:01:40]} 16. Qe4 {[%clk 01:04:43]} {[%emt 00:02:49]} Qb6+ {[%clk 00:54:56]}
{[%emt 00:04:33]} 17. Bd4 {[%clk 00:58:18]} {[%emt 00:06:54]} Bc5 {[%clk
00:51:00]} {[%emt 00:04:26]} 18. Bxc5 {[%clk 00:57:26]} {[%emt 00:01:23]} Qxc5+
{[%clk 00:51:23]} {[%emt 00:00:07]} 19. Kh1 {[%clk 00:57:46]} {[%emt 00:00:10]}
Rab8 {[%clk 00:48:26]} {[%emt 00:03:27]} 20. Bd3 {[%clk 00:52:15]} {[%emt
00:06:01]} Nf6 {[%clk 00:47:31]} {[%emt 00:01:25]} 21. Qe2 {[%clk 00:52:02]}
{[%emt 00:00:42]} Rfd8 {[%clk 00:40:51]} {[%emt 00:07:11]} 22. Rac1 {[%clk
00:48:58]} {[%emt 00:03:33]} Qd4 {[%clk 00:37:16]} {[%emt 00:04:07]} 23. Be4
{[%clk 00:46:15]} {[%emt 00:03:11]} Qxd2 {[%clk 00:29:06]} {[%emt 00:08:41]}
24. Qxd2 {[%clk 00:45:54]} {[%emt 00:00:51]} Rxd2 {[%clk 00:29:20]} {[%emt
00:00:17]} 25. Bxb7 {[%clk 00:46:19]} {[%emt 00:00:05]} g6 {[%clk 00:28:53]}
{[%emt 00:00:57]} 26. Bxa6 {[%clk 00:46:02]} {[%emt 00:00:46]} Rxa2 {[%clk
00:28:19]} {[%emt 00:01:05]} 27. Bc4 {[%clk 00:46:15]} {[%emt 00:00:16]} Nd5
{[%clk 00:27:11]} {[%emt 00:01:37]} 28. Bxd5 {[%clk 00:43:39]} {[%emt
00:03:07]} exd5 {[%clk 00:27:35]} {[%emt 00:00:07]} 29. Rfd1 {[%clk 00:43:45]}
{[%emt 00:00:23]} Rb5 {[%clk 00:25:05]} {[%emt 00:03:01]} 30. Rb1 {[%clk
00:43:03]} {[%emt 00:01:13]} Kg7 {[%clk 00:25:14]} {[%emt 00:00:20]} 31. h3
{[%clk 00:42:21]} {[%emt 00:01:13]} Kf6 {[%clk 00:25:32]} {[%emt 00:00:11]} 32.
Rd3 {[%clk 00:40:55]} {[%emt 00:01:56]} Ke5 {[%clk 00:24:19]} {[%emt 00:01:43]}
33. Kh2 {[%clk 00:39:39]} {[%emt 00:01:46]} Rb4 {[%clk 00:22:49]} {[%emt
00:02:01]} 34. Kg3 {[%clk 00:38:54]} {[%emt 00:01:15]} h5 {[%clk 00:19:45]}
{[%emt 00:03:35]} 35. h4 {[%clk 00:35:50]} {[%emt 00:03:34]} f6 {[%clk
00:17:11]} {[%emt 00:03:03]} 36. Re1+ {[%clk 00:35:00]} {[%emt 00:01:20]} Kd6
{[%clk 00:16:44]} {[%emt 00:00:57]} 37. Rb1 {[%clk 00:34:26]} {[%emt 00:01:04]}
g5 {[%clk 00:13:46]} {[%emt 00:03:29]} 38. hxg5 {[%clk 00:33:00]} {[%emt
00:01:56]} fxg5 {[%clk 00:14:11]} {[%emt 00:00:06]} 39. Rbd1 {[%clk 00:32:23]}
{[%emt 00:01:06]} Ra5 {[%clk 00:14:07]} {[%emt 00:00:35]} 40. R1d2 {[%clk
00:30:59]} {[%emt 00:01:53]} Rab5 {[%clk 00:14:04]} {[%emt 00:00:34]} 41. Rb2
{[%clk 00:31:08]} {[%emt 00:00:21]} Ke5 {[%clk 00:12:36]} {[%emt 00:01:58]} 42.
Re2+ {[%clk 00:30:14]} {[%emt 00:01:24]} Kf5 {[%clk 00:11:48]} {[%emt
00:01:19]} 43. Red2 {[%clk 00:29:48]} {[%emt 00:00:55]} h4+ {[%clk 00:11:48]}
{[%emt 00:00:32]} 44. Kh3 {[%clk 00:29:37]} {[%emt 00:00:39]} Ke5 {[%clk
00:11:11]} {[%emt 00:01:08]} 45. Re2+ {[%clk 00:28:40]} {[%emt 00:01:27]} Kf4
{[%emt 00:02:19]} 1/2-1/2